000
00240nam a2200097 a 4500
005
20200930070252.0
008
110829s1923 000 spa d
245
0
_a
Frente al imperialismo.
260
_a
Santo Domingo,
_c
1923.
999
_c
32941
_d
32941
040
_a
DO-SdBNP